000 01955ngm a22004330a 4500
001 PT50887
003 AR-LpoUNG
005 20210202000040.0
007 vd cvaizq
008 191001s2011||||ag |||||||||||||||||fre d
037 _c$3,50
040 _aAR-LpoUNG
_bspa
_cAR-LpoUNG
_eaacr
041 _afre
_aspa
044 _aag
082 0 _a305.235 859cua
100 1 _aTruffaut, François
_edir.
245 1 4 _aLos 400 golpes = Les quatre cents coups
260 _aBuenos Aires :
_bGLD,
_c2011.
300 _aDVD (94 min.) : son., byn
505 0 _aHecha en 1959. Guión: Marcel Moussy, François Truffaut. Música: Jean Constantín. Protagonistas: Jean-Pierre Léaud, Claire Maurier, Albert Rémy, Guy Decomble. Subtítulos en español. Nominada al Oscar 1959: mejor guión original. Festival de Cannes 1959: mejor director. New York Film Festival 1959: mejor film extranjero.
520 _aCon sólo doce años, Antoine Doinel se ve obligado no sólo a ser testigo de los problemas conyugales que sus padres no se atreven a afrontar, sino también a soportar las exigencias de un severo profesor. Un día, asustado porque no ha cumplido un castigo que el maestro le ha impuesto, decide hacer novillos con su amigo René. Inesperadamente, ve a su madre en compañía de otro hombre; la culpa y el miedo lo arrastran a una serie de mentiras que poco a poco van calando en su ánimo. Deseando dejar atrás todos sus problemas, sueña con conocer el mar y traza con René un plan para escaparse.
650 4 _aADOLESCENTES
650 4 _aENSEÑANZA
650 4 _aFAMILIA
650 4 _aINFANCIA
650 4 _aMAESTROS DE PRIMARIA
650 4 _aMATRIMONIO
650 4 _aNIÑOS
650 4 _aRELACIONES HUMANAS
651 4 _aFrancia
653 _aCINE CLASICO
653 _aCINE FRANCES
653 _aDVD
653 _aNOUVELLE VAGUE
653 _aPELICULA DE CULTO
653 _aVIDEOS
905 _a50887
942 _cDVD
999 _c54028
_d54028